00413nam a2200157Ia 4500008004100000020001500041082001800056100001300074245006000087250000800147260002700155300001200182500002400194650001500218700002200233230524s9999 xx 000 0 und d a812591532X a658.8343bRAJ aM S Raju 0a"Consumer Behaviour : Concepts, Applications And Cases" a4TH aNEW DELHIbVikasc2008 aXVI;344 aQuantity Number: 3 aManagement a Dominique Xardel